The King's Egg dance

Bibliographic Details
Main Author: Wilkes, Larry
Format: Book
Published: Minneapolis : Carolrhoda Books , 1990
Subjects:

MARC

LEADER 00000cam a2200000 7i4500
001 0000069417
005 20220105104239.0
008 170119
020 |a 0876144466 
090 0 0 |a CT   |b ENG 
100 1 |a Wilkes, Larry 
245 1 4 |a The King's Egg dance   |c Larry Wilkes 
260 |a Minneapolis :   |b Carolrhoda Books ,   |c 1990 
300 |a [s.n.] :   |b Col. ill. 
500 |a Children age 4-6 years old (yellow) 
650 0 |a Junior preschool   |x Malay   |x Languages 
650 0 |a Kings, queens, rules, etc.-- Fiction 
999 |a 0000797498   |b Book   |c Children Collection   |e Cawangan Segamat 
999 |a 0000799512   |b Book   |c Children Collection   |e Cawangan Pontian 
999 |a 0000810657   |b Book   |c Children Collection   |e Cawangan Bandar Penawar 
999 |a 0000826048   |b Book   |c Children Collection   |e Cawangan Segamat 
999 |a 0000826050   |b Book   |c Children Collection   |e Cawangan Pontian 
999 |a 0000826056   |b Book   |c Braille   |e Cawangan Mersing 
999 |a 0000826058   |b Book   |c Children Collection   |e Cawangan Bandar Penawar